LEADER 01099nam a2200253 i 4500 001 000000152375 003 CaOOAMICUS 005 20060804000000.0 008 060804s1959 it u000 u ita u 013 $a129716 040 $aSeMil$bita 100 1 $aBacchelli, Riccardo,$d<1891-1985>.$0(OLS)http://semarc/name/1548 245 10$aViaggio in Grecia /$cRiccardo Bacchelli ; con un ritratto dell'Autore di Pio Semeghini. 260 $aMilano ; Napoli :$bRiccardo Ricciardi,$cstampa 1959. 300 $a79 p., [1] c. di tav. ;$c19 cm. 500 $aIn preliminari : Dedica autografa dell'Autore. - Fondo Card. Giovanni Colombo. 650 4$aGrecia - Descrizione e viaggi.$0(OLS)http://semarc/subject/6293 700 1 $aSemeghini, Pio.$0(OLS)http://semarc/name/59775 850 $aSeMil 852 $aSeMil$W1$xVenegono$y1$m1D II 138$j104334$B104334$CSeMilBibl$Z2$F113389 $81 941 1 $a3 961 $aLascito: Colombo Card. Giovanni 996 $6245$aViaggio in Grecia$9(OLS)http://semarc/title/222793 996 $6260$aMilano ; Napoli :$bRiccardo Ricciardi$9(OLS)http://semarc/publisher/34184 LEADER 00832nam a2200193 i 4500 001 000000104599 003 CaOOAMICUS 005 20011203000000.0 008 011203s1953 it u000 u mul u 013 $a76788 040 $aSeMil$bita 245 13$aLa Creazione, Gli Angeli :$b(I, qq. 44 - 64) /$cTraduzione e note del p. Tito S. Centi. 300 $a470 p. 700 1 $aCenti, Tito Sante,$c.$0(OLS)http://semarc/name/481 700 0 $aTommaso : d'Aquino,$c.$0(OLS)http://semarc/name/423 773 0 $aTommaso : d'Aquino $tSomma teologica.$dFirenze : Salani, 1949-1975.$g4$w()1216 850 $aSeMil 852 $aSeMil$W1$xVenegono$y1$mSL1.V IV 4$j60908$B60908$CSeMilBibl$Z2$F45327 $8I 996 $6245$aLa Creazione, Gli Angeli :$b(I, qq. 44 - 64)$9(OLS)http://semarc/title/151548